| 000 | 00375 a2200169 4500 | ||
|---|---|---|---|
| 001 | 46412 | ||
| 020 | _a8516013375 | ||
| 040 | _cAnchieta - Aquarius | ||
| 100 | _aFiúzia, Elza | ||
| 240 | 1 | 0 |
_a#O macaquinho travesso _lpor |
| 245 | 1 | 0 | _a#O macaquinho travesso |
| 300 | _a31 | ||
| 362 | 0 | _a1996 | |
| 440 | 1 | _aModerna | |
| 650 | 4 | _aLiteratura infanto-juvenil | |
| 942 | _cBK | ||
| 999 |
_c46412 _d46412 |
||